[Event "BCF-chT3N 1617 (4NCL)"]
[Site "England"]
[Date "2017.01.14"]
[Round "3.52"]
[White "Burton, Graham P"]
[Black "Angelov, Emil"]
[Result "0-1"]
[WhiteElo "2005"]
[BlackElo "2260"]
[PlyCount "38"]
[EventDate "2016.11.26"]
[EventType "team-swiss"]
[EventRounds "11"]
[EventCountry "ENG"]
[SourceTitle "EXT 2019"]
[Source "ChessBase"]
[SourceDate "2018.10.10"]
[SourceVersion "1"]
[SourceVersionDate "2018.10.10"]
[SourceQuality "1"]
[WhiteTeam "3CS Oldham II"]
[BlackTeam "Hounds and Bears"]
[WhiteTeamCountry "ENG"]
[BlackTeamCountry "ENG"]

1. e4 Nf6 2. e5 Nd5 3. Nc3 Nxc3 4. bxc3 d6 5. f4 dxe5 6. fxe5 Qd5 7. Nf3 Bg4 8. d4 Nc6 9. Be2 0-0-0 10. 0-0 f6 11. c4 Qe4 12. c3 Nxe5 13. Bd2 Nd3 14. Rb1 e5 15. h3 Bh5 16. d5 Qxc4 17. Be3 Qxd5 18. c4 Qe4 19. Bxa7 Nf4 0-1

[Event "BUL-ch"]
[Site "Shumen"]
[Date "1997.??.??"]
[Round "8"]
[White "Kuzev, Jordan"]
[Black "Angelov, Emil"]
[Result "1-0"]
[WhiteElo "2280"]
[BlackElo "2265"]
[PlyCount "83"]
[EventDate "1997.??.??"]
[EventType "swiss"]
[EventRounds "8"]
[EventCountry "BUL"]
[SourceTitle "EXT 1998"]
[Source "ChessBase"]
[SourceDate "1997.11.17"]
[SourceVersion "1"]
[SourceVersionDate "1997.11.17"]
[SourceQuality "1"]

1. e4 Nf6 2. e5 Nd5 3. d4 d6 4. Be2 Nc6 5. Nf3 Bg4 6. c3 e6 7. 0-0 Bxf3 8. Bxf3 dxe5 9. dxe5 Nxe5 10. Bxd5 Qxd5 11. Qxd5 exd5 12. Re1 Bd6 13. f4 f6 14. fxe5 fxe5 15. Rf1 h6 16. Be3 Ke7 17. Nd2 b5 18. Rae1 Rhf8 19. Rxf8 Rxf8 20. Bd4 Ke6 21. Nf3 Rf5 22. Bxa7 Kd7 23. Bf2 c5 24. b4 cxb4 25. cxb4 e4 26. Nd4 Bxh2+ 27. Kf1 Rf8 28. Ke2 Ra8 29. Ra1 Be5 30. a3 Rc8 31. Ra2 Rc4 32. Rd2 Bxd4 33. Bxd4 g6 34. Ke3 Ke6 35. Rf2 Rc1 36. Rf6+ Kd7 37. Rxg6 Rd1 38. Bc5 Rd3+ 39. Kf4 Rxa3 40. Rd6+ Kc7 41. Rxd5 Ra2 42. g4 1-0